01481cam a2200337 a 45000010009000000050017000090080041000260100017000670200018000840250027001020400013001290420010001420430012001520500025001640820021001892450054002102600100002643000042003645000211004065040041006176500045006586500047007036500047007506500042007977100062008397100057009019060045009589420012010039990017010159520111010321521705920170105102937.0080313s2007 pk a b 000 0 eng  a 2008310061 a9789698020187 aP-E-2008310061; 28; 29 aDLCcDLC alcode aaz-----00aHN670.3.A8bN66 2007 a954.91bNON 200600aNon-traditional and human security in South Asia. aIslamabad :bInstitute of Regional Studies :bNational Commission for Human Development,c2006. axliii, xxii, 364 p. :bill. ;c23 cm. a"Collection of papers presented at an international seminar organised jointly by the Institute of Regional Studies and National Commission for Human Development in Islamabad on 31 October, 1 November 2006". aIncludes bibliographical references. 0aQuality of lifezSouth AsiavCongresses. 0aInternal securityzSouth AsiavCongresses. 0aEconomic securityzSouth AsiavCongresses. 0aHuman rightszSouth AsiavCongresses.2 aInstitute of Regional Studies (Islāmābād, Pakistan)2 aNational Commission for Human Development (Pakistan) a7bcbccorigoded3encipf20gy-gencatlg 2ddccBK c16301d16301 001040708NFICaCIPSbCIPScGENd2016-03-16l0o954.91 NON 2006pCIPS0002757r2016-03-16w2016-03-16yBK